[Event "LSS WC-2011-P-00008"]
[Site "LSS email"]
[Date "2007.04.04"]
[Round "?"]
[White "Kolus, Wojtek"]
[Black "Buczinski, Henryk"]
[Result "1-0"]
[WhiteElo "2114"]
[BlackElo "2096"]
[PlyCount "165"]
[EventDate "2007.04.04"]
[EventType "tourn (corr)"]
[EventRounds "6"]
[EventCountry "GER"]
[SourceTitle "Corr 2024"]
[Source "ChessBase"]
[SourceDate "2023.10.19"]
[SourceVersion "1"]
[SourceVersionDate "2023.10.19"]
[SourceQuality "1"]

1. d4 Nf6 2. Nf3 e6 3. c4 b6 4. g3 c5 5. Bg2 Bb7 6. 0-0 cxd4 7. Qxd4 d6 8. Nc3 a6 9. Rd1 Be7 10. b3 Nbd7 11. Bb2 0-0 12. h3 Nc5 13. Rac1 Qc7 14. Rc2 h6 15. Rcd2 e5 16. Qe3 Nce4 17. Rc2 Nxc3 18. Bxc3 Ne4 19. Bb4 a5 20. Ba3 a4 21. Bb4 axb3 22. axb3 Nc5 23. Nd2 f5 24. Bd5+ Bxd5 25. cxd5 Qb7 26. Nc4 f4 27. Qf3 fxg3 28. Qxg3 Rf6 29. Ne3 Kh7 30. Ng2 Rg6 31. Qc3 Bh4 32. Bxc5 bxc5 33. Qd3 Ra3 34. Rc4 e4 35. Qxe4 Qxb3 36. Rf1 Bf6 37. Rb1 Qxb1+ 38. Qxb1 Ra1 39. Qxa1 Bxa1 40. Ra4 Bb2 41. Ra6 Be5 42. e3 Rf6 43. Ra7 Kg8 44. f4 Bb2 45. Ra2 Bc3 46. Kf2 g5 47. Kf3 Rf7 48. Ra6 Rd7 49. Kg4 Bf6 50. Rc6 Kg7 51. Kf5 Rf7 52. Ke6 gxf4 53. exf4 Re7+ 54. Kf5 Rf7 55. Ke4 Rd7 56. Ne3 Be7 57. Kf5 Bf8 58. h4 Re7 59. Nc4 Rf7+ 60. Ke4 Rd7 61. h5 Kf7 62. Nb6 Ra7 63. Kf5 Rb7 64. Nc8 Rd7 65. Ra6 c4 66. Rc6 Kg7 67. Nb6 Rf7+ 68. Kg4 c3 69. Rxc3 Kg8 70. Rc8 Rg7+ 71. Kf3 Rb7 72. Nc4 Kf7 73. Rd8 Rc7 74. Nxd6+ Ke7 75. Re8+ Kxd6 76. Rxf8 Kxd5 77. Rf6 Rh7 78. Kg4 Ke4 79. Re6+ Kd4 80. f5 Kd5 81. Kf4 Rh8 82. Ra6 Rb8 83. f6 1-0